New public management and the reform of international organizations (Record no. 51239)

000 -LEADER
fixed length control field 01434pab a2200169 454500
008 - FIXED-LENGTH DATA ELEMENTS--GENERAL INFORMATION
fixed length control field 180718b2001 xxu||||| |||| 00| 0 eng d
100 ## - MAIN ENTRY--PERSONAL NAME
Personal name Geri, Laurance R.
245 ## - TITLE STATEMENT
Title New public management and the reform of international organizations
260 ## - PUBLICATION, DISTRIBUTION, ETC.
Date of publication, distribution, etc. 2001
300 ## - PHYSICAL DESCRIPTION
Extent p.445-60
362 ## - DATES OF PUBLICATION AND/OR SEQUENTIAL DESIGNATION
Dates of publication and/or sequential designation Sep
520 ## - SUMMARY, ETC.
Summary, etc. This article will posit a model of NPM and use it to analyze the operations of a small number of leading international organizations. Have international organizations implemented NPM reforms similar to those of their member states? If so, did this occur as a result of autonomous action or as a result of pressure applied by those states? I hypothesize that the complexity of international operations and policy-making, and the multinational nature of international administration, will act to insulate the administrationof IOS from implementing NPM in its totality. Funding is likely to be a critical mediating variable; organizations reliant on contributions from states that have been strong supporters of NPM reforms. Exploring this issue will provide a useful test of the alleged universality of NPM, and help to identify the particular attributes of IOS that may make them resistant to the charms of market-based management reforms. - Reproduced.
650 ## - SUBJECT ADDED ENTRY--TOPICAL TERM
Topical term or geographic name entry element International organizations
650 ## - SUBJECT ADDED ENTRY--TOPICAL TERM
Topical term or geographic name entry element Public administration
773 ## - HOST ITEM ENTRY
Main entry heading International Review of Administrative Sciences
909 ## -
-- 51239
Holdings
Withdrawn status Lost status Damaged status Not for loan Permanent Location Current Location Date acquired Serial Enumeration / chronology Barcode Date last seen Price effective from Koha item type
        Indian Institute of Public Administration Indian Institute of Public Administration 2018-07-19 Volume no: 67, Issue no: 3 AR51667 2018-07-19 2018-07-19 Articles

Powered by Koha